Le médecin malgré lui [ (Record no. 169010)

MARC details
000 -LEADER
campo de control de longitud fija 00814nam a22002175i 4500
001 - NÚMERO DE CONTROL
campo de control 169010
003 - IDENTIFICADOR DE NÚMERO DE CONTROL
campo de control ES-MaACL
005 - FECHA Y HORA DE LA ÚLTIMA TRANSACCIÓN
campo de control 20250718081355.0
008 - DATOS DE LONGITUD FIJA--INFORMACIÓN GENERAL
campo de control de longitud fija 080724q1880 fr |||| | fre d
080 ## - NÚMERO DE LA CLASIFICACIÓN DECIMAL UNIVERSAL
Número de la Clasificación Decimal Universal 782.089.6
100 1# - ENTRADA PRINCIPAL--NOMBRE DE PERSONA
Nombre de persona Gounod, Charles,
Fechas asociadas al nombre 1818-1893
9 (RLIN) 240526
245 13 - MENCIÓN DEL TÍTULO
Título Le médecin malgré lui [
Medio Música impresa]
Resto del título : opéra-comique en trois actes /
Mención de responsabilidad, etc. musique de Ch. Gounod ; paroles de Jules Barbier et Michel Carré.
260 ## - PUBLICACIÓN, DISTRIBUCIÓN, ETC.
Lugar de publicación, distribución, etc. Paris :
Nombre del editor, distribuidor, etc. Jules Tallandier,
Fecha de publicación, distribución, etc. [ca. 1880]
300 ## - DESCRIPCIÓN FÍSICA
Extensión 1 partitura vocal (XII, 184 p.) :
Otras características físicas il. ;
Dimensiones 28 cm.
650 #4 - PUNTO DE ACCESO ADICIONAL DE MATERIA--TÉRMINO DE MATERIA
Término de materia o nombre geográfico como elemento de entrada Óperas-
Subdivisión general Partituras vocales.
9 (RLIN) 137997
700 1# - ENTRADA AGREGADA--NOMBRE PERSONAL
Nombre de persona Barbier, Jules.
9 (RLIN) 25457
700 1# - ENTRADA AGREGADA--NOMBRE PERSONAL
Nombre de persona Carré, Michel.
9 (RLIN) 138040
852 4# - LOCALIZACIÓN
Ubicación ES-MaACL
Número de control de estantería L-29293
Nota libre - Biblioteca Jacinto Martínez Lacalle
942 ## - ELEMENTOS DE ENTRADA SECUNDARIOS (KOHA)
Fuente del sistema de clasificación o colocación Clasificación decimal universal
Holdings
Estatus retirado Estado de pérdida Fuente del sistema de clasificación o colocación Estado de daño No para préstamo Colección Biblioteca de origen Biblioteca actual Ubicación en estantería Fecha de adquisición Total de préstamos Signatura topográfica completa Código de barras Visto por última vez Precio de reemplazo Tipo de ítem Koha
    Clasificación decimal universal     Libros del s. XIX Biblioteca del Ateneo de Madrid Biblioteca del Ateneo de Madrid Depósito 2 24/07/2008   L-29293 1177385 23/02/2023 23/02/2023 Partitura